
Library Catalogue

| 000 -LEADER | |
|---|---|
| fixed length control field | 01680cam a22002178i 4500 |
| 003 - CONTROL NUMBER IDENTIFIER | |
| control field | OSt |
| 005 - DATE AND TIME OF LATEST TRANSACTION | |
| control field | 20260519153532.0 |
| 008 - FIXED-LENGTH DATA ELEMENTS--GENERAL INFORMATION | |
| fixed length control field | 150313s2016 ilu 000 0 eng c |
| 020 ## - INTERNATIONAL STANDARD BOOK NUMBER | |
| International Standard Book Number | 9781138735132 (hbk.) |
| 082 00 - DEWEY DECIMAL CLASSIFICATION NUMBER | |
| Classification number | 338.90014 ZIA |
| 100 1# - MAIN ENTRY--PERSONAL NAME | |
| Personal name | Ziai, Aram |
| 245 10 - TITLE STATEMENT | |
| Title | Development discourse and global history : |
| Remainder of title | from colonialism to the sustainable development goals / |
| Statement of responsibility, etc. | Aram Ziai. |
| 260 ## - PUBLICATION, DISTRIBUTION, ETC. | |
| Place of publication, distribution, etc. | New York : |
| Name of publisher, distributor, etc. | Routledge, |
| Date of publication, distribution, etc. | 2016. |
| 300 ## - PHYSICAL DESCRIPTION | |
| Extent | viii, 244 p. ; |
| Dimensions | 24 cm. |
| 365 ## - TRADE PRICE | |
| Price amount | RS. 3,992.00 |
| 505 ## - Contents | |
| Contents | 1. Introduction: the discourse of development;<br/>2. Poststructuralism, discourse and power;<br/>3. From "civilising mission' to 'development;<br/>4. An archaeology of development knowledge;<br/>5. The concept of development and why it should be abandoned;<br/>6. Development discourse: appropriation and tactical polyvalence;<br/>7. The transformation of development discourse: participation sustainability, heterogeneity;<br/>8. From 'development'" to 'globalisation';<br/>9. World Bank discourse and poverty reduction;<br/>10 'Development': projects, power and a poststructuralist perspective;<br/>11. Millennium Development Goals: Back to the future?;<br/>12. Justice, not development: Sen and the hegemonic framework for ameliorating global inequality;<br/>13. Migration management as development aid? The IOM and the international migration and development initiative;<br/>14. The post-2015 agenda and the Sustainable Development Goals: the persistence of development discourse;<br/>15. Conclusion15 Conclusion: the contribution of discourse analysis to development studies. |
| 650 #0 - SUBJECT ADDED ENTRY--TOPICAL TERM | |
| Topical term or geographic name entry element | Economic development |
| 650 #0 - SUBJECT ADDED ENTRY--TOPICAL TERM | |
| Topical term or geographic name entry element | Global history |
| 650 #0 - SUBJECT ADDED ENTRY--TOPICAL TERM | |
| Topical term or geographic name entry element | Sustainable development. |
| 942 ## - ADDED ENTRY ELEMENTS (KOHA) | |
| Source of classification or shelving scheme | Dewey Decimal Classification |
| Koha item type | BOOKs |
| Withdrawn status | Lost status | Source of classification or shelving scheme | Materials specified (bound volume or other part) | Damaged status | Not for loan | Home library | Current library | Shelving location | Date acquired | Source of acquisition | Total Checkouts | Full call number | Barcode | Date last seen | Date last checked out | Price effective from | Koha item type |
|---|---|---|---|---|---|---|---|---|---|---|---|---|---|---|---|---|---|
| Dewey Decimal Classification | PB | NLS | NLS | General Stacks | 20/02/2020 | Purchased | 1 | 338.90014 ZIA | 37952 | 23/11/2020 | 18/09/2020 | 20/02/2020 | BOOKs |